01514 a2200193 45000010006000000050017000060080041000230030015000640400040000790800387001192450034005062640037005403000025005775050646006020410008012481000023012567000021012797000020013005559020260407155829.0260407a1978 arg spa dAR-UNSa-BCEJYS aAR-UNSa-BCEJYSbspacAR-UNSa-BCEJYS a330.101.8xClasificación y subdivisiones de la economía. Teórica, práctica. Pura, aplicada. General, especial. Relación de la economía con la teoría de la economía política. Interrelaciones de economía política, economía privada, economía de la empresa (economía comercial). Relación de la economía política general y especial. Economía sectorial10aEconomía y administración 1aMéxico :bInteramericanac1978 aviii, 583 p.c22 cm. a1. Usos y aplicaciones de la economía administrativa – 2. Técnicas de optimización – 3. Análisis de riesgos – 4. Teoría de la demanda – 5. Técnicas de la estimación de la demanda – 6. Teoría de la producción – 7. Programación lineal – 8. Teorías de costos – 9. Análisis empírico de costos – 10. La estructura del mercado y la teoría de los precios – 11. Prácticas de establecimiento de precios – 12. Reglamentos y leyes antimonopolistas – 13. Decisiones de inversión a largo plazo: presupuestos de capital – 14. Compañía westfall: un caso integrado de decisiones administrativas  aspa1 aBrigham, Eugene F.1 aPappas, James L.1 aContin, Agustin